000 00618nam a22001817a 4500
005 20251108171756.0
008 250721s1993 xx 000 0 ara d
082 1 4 _a210.13343/دمي
100 1 _aالدميني، مسفر بن غرم الله
245 1 0 _aالسحر :
_bحقيقته - حكمه - العلاج منه مع مناقشة شبهات منكرى سحر النبي صلى الله عليه و سلم /
250 _aط2
264 1 _aالرياض :
_bمكتبة المغني،
_c1993.
300 _a125ص
650 1 7 _aالإسلام
650 1 7 _aالسحر
942 _2ddc
_cBK
999 _c62231
_d62231